00189nam a22000857a 4500082001700000100002300017245001800040260003600058300000900094 a355.02 HEN'C aHENDERSON, G. F. R aTHE CIVIL WAR aENGLANDbUNIVERSITY PRESSc1958 a322P